01424nam a2200349Ia 4500001001200000003000800012006001900020007001500039008004100054010001700095020001500112020001800127020001800145040002100163035002100184050002900205100002100234245011400255260005300369300002200422490005400444504006600498533015200564600002800716600004700744650003000791650004900821650003200870655002900902710001700931856012600948ebr10597332CaPaEBRm u cr cn|||||||||070608s2007 gw a sb 001 0 eng d z 2007024035 z3110191350 z9783110191356 z9783110913934 aCaPaEBRcCaPaEBR a(OCoLC)81140620814aPT2605.E4bZ62595 2007eb1 aKligerman, Eric.10aSites of the uncannyh[electronic resource] :bPaul Celan, specularity and the visual arts /cEric Kligerman. aBerlin ;aNew York :bWalter de Gruyter,cc2007. ax, 330 p. :bill.0 aInterdisciplinary German cultural studies ;vv. 3 aIncludes bibliographical references (p. [313]-325) and index. aElectronic reproduction.bPalo Alto, Calif. :cebrary,d2011.nAvailable via World Wide Web.nAccess may be limited to ebrary affiliated libraries.10aCelan, PaulxInfluence.10aCelan, PaulxCriticism and interpretation. 0aPopular culturezGermany. 0aHolocaust, Jewish (1939-1945), and the arts. 0aCollective memoryzGermany. 7aElectronic books.2local2 aebrary, Inc.40uhttp://site.ebrary.com/lib/rucke/Doc?id=10597332zAn electronic book accessible through the World Wide Web; click to view